zpět

Detail výsledku týmu

Burger & Beer Brothers, Olomouc

Datum a čas kvízu

18 Celkem bodů Celkový počet nahraných bodů na tomto kvízu bez doplňovacích otázek.
6. Pořadí na kvízu Konečné umístění týmu na tomto kvízu.

Zaznamenané odpovědi

# Otázka Odpověď Body Výsledky
1. Již pátým rokem je jistá obec... Hněvotín 0
2. V Saúdské Arábii byla ve střed... havarijní pojištění 0
3. Ve čtvrtek vstoupil do českých... Vyšehrad: Fylm 1
4. Vítězem prestižních anket Svět... Hyundai Ioniq (5) 0
5. Bývalá světová tenisová jednič... Kim Clijstersová 0
6. V dalším díle této tematické s... dračinec 0
7. Damani jsou malí savci obývají... A) slon 1
8. Tento živočich je typickou koč... serval 1
9. Tato rostlina je významná hlav... kadidlo 0
10. Tento obyvatel subsaharské Afr... hrabáč 0